High-energy non-aqueous batteries / (Record no. 7390)
[ view plain ]
| 000 -LEADER | |
|---|---|
| fixed length control field | 00905nac a22002531u 4500 |
| 010 ## - LIBRARY OF CONGRESS CONTROL NUMBER | |
| LC control number | 011008050 |
| 020 ## - INTERNATIONAL STANDARD BOOK NUMBER | |
| International Standard Book Number | 0133885968 |
| 022 ## - INTERNATIONAL STANDARD SERIAL NUMBER | |
| International Standard Serial Number | 830110838X (Poland) |
| 082 ## - DEWEY DECIMAL CLASSIFICATION NUMBER | |
| Classification number | 621.31242 |
| Item number | CIS |
| 090 ## - LOCALLY ASSIGNED LC-TYPE CALL NUMBER (OCLC); LOCAL CALL NUMBER (OCLC) | |
| -- | 7390 |
| -- | 7390 |
| 100 ## - MAIN ENTRY--PERSONAL NAME | |
| Personal name | Cisak, A. (Andrzej), |
| 245 ## - TITLE STATEMENT | |
| Title | High-energy non-aqueous batteries / |
| Statement of responsibility, etc | A. Cisak, L. Werblan ; translation editor, T.J. Kemp. |
| 260 ## - PUBLICATION, DISTRIBUTION, ETC. (IMPRINT) | |
| Place of publication, distribution, etc | [New York] : |
| Name of publisher, distributor, etc | Ellis Horwood, c.1993. |
| Date of publication, distribution, etc | c.1993. |
| 300 ## - PHYSICAL DESCRIPTION | |
| Extent | 262p. ; |
| Other physical details | 21cm. |
| 500 ## - GENERAL NOTE | |
| General note | Translation with revisions of "Wysokoenergetyczne niewodne ogniwa galwaniczne" Warsaw, 1986 |
| 500 ## - GENERAL NOTE | |
| General note | Distributer: Al-Ahram. |
| 504 ## - BIBLIOGRAPHY, ETC. NOTE | |
| Bibliography, etc | Includes bibliographical references and index. |
| 511 ## - PARTICIPANT OR PERFORMER NOTE | |
| Participant or performer note | Catalogued By: Mahitab. |
| 650 ## - SUBJECT ADDED ENTRY--TOPICAL TERM | |
| Topical term or geographic name as entry element | Electrolytic cells. |
| 650 ## - SUBJECT ADDED ENTRY--TOPICAL TERM | |
| Topical term or geographic name as entry element | Electric batteries. |
| 650 ## - SUBJECT ADDED ENTRY--TOPICAL TERM | |
| Topical term or geographic name as entry element | Batteries |
| 700 ## - ADDED ENTRY--PERSONAL NAME | |
| Personal name | Werblan, L. (Lidia), |
| Dates associated with a name | 1930- |
| 942 ## - ADDED ENTRY ELEMENTS (KOHA) | |
| Item type | Book - Borrowing |
| Call number prefix | 621.31242 CIS |
| Withdrawn status | Item status | Damaged status | Not for loan | Home library | Current library | Shelving location | Date acquired | Source of acquisition | Total Checkouts | Full call number | Barcode | Date last seen | Koha item type |
|---|---|---|---|---|---|---|---|---|---|---|---|---|---|
| Central Library | Central Library | First floor | 23/01/2008 | Purchase | 621.31242 CIS | 000008733 | 15/07/2025 | Book - Borrowing |